| 000 | 00476nam a22001577a 4500 | ||
|---|---|---|---|
| 005 | 20231025125431.0 | ||
| 008 | 231025b |||||||| |||| 00| 0 eng d | ||
| 020 | _a9781552211953 | ||
| 082 | _a347.1 JUD | ||
| 100 | _lEnglish | ||
| 245 |
_aJudicial Independence in Context / _cedited by A Dodek and L Sossin |
||
| 260 |
_aCanada : _bIrwin Law Inc., _c2010 |
||
| 300 |
_bxix, 641 pages ; _c23,7 cm. |
||
| 650 |
_aLegal practice _bLaw |
||
| 942 |
_cBK _6ALISON_BN_VRIES |
||
| 999 |
_c54 _d54 |
||